000 01103nam a2200301 a 4500
005 20191224041813.0
008 160722t2007 -cnabd||r|||| 00| 0 eng d
020 _a9292250728
040 _aCO-BoIAVH
_cCO-BoIAVH
041 0 _aeng
044 _acn
082 0 4 _a333.9514028
_bS72r
245 0 0 _aSourcebook on remote sensing and biodiversity indicators /
_ceditado por Strand, Holly [y otros 5]
260 _aMontreal, Canadá :
_bSecretariat of the Convention on Biological Diversity,
_c2007.
300 _a201 páginas :
_bilustraciones, mapas a color y gráficas a color ;
_c28 x 20 cm.
490 _aCBD Technical Series ;
_v32
504 _aIncluye referencias bibliográficas.
650 2 6 _aTeledetección
650 2 6 _aSensores
650 2 6 _aBiodiversidad
_vindicadores
700 1 _aStrand, Holly
_eeditora
700 1 _aHöfr, Robert
_eeditor
700 1 _aStrittholt, James
_eeditor
700 1 _aMiles, Lera
_eeditora
700 1 _aHorning, Ned
_eeditor
700 1 _aFosnight, Eugene
_eeditor
942 _cLIBRO
_2ddc
999 _c5706
_d5706